• Aceti F., Aveni F., Giacchetti N., Motta P., Straniero Sergio B., Vannotti M., Odier C

di Personal Name

Records bibliografici associati: 1

001 - CONTROL NUMBER

  • control field: 61908

003 - CONTROL NUMBER IDENTIFIER

  • control field:

005 - DATE AND TIME OF LATEST TRANSACTION

  • control field: 20250319161113.0

008 - FIXED-LENGTH DATA ELEMENTS

  • fixed length control field: 250319|| aca||aabn | a|a d

040 ## - CATALOGING SOURCE

  • Original cataloging agency:
  • Transcribing agency:

100 ## - HEADING--PERSONAL NAME

  • Personal name: Aceti F., Aveni F., Giacchetti N., Motta P., Straniero Sergio B., Vannotti M., Odier C

670 ## - SOURCE DATA FOUND

  • Source citation: Work cat.: ()210032: Andolfi Maurizio, Loriedo Camillo, Ugazio Valeria (a cura di) 61906, Depressioni e sistemi. Il peso della relazione, 2011
CREDITS: SOCIETA' SAN PAOLO Via A.Severo, 58 - ROMA (RM) & PERIODICI SAN PAOLO SRL Via Giotto, 36 MILANO & CISF Via Giotto, 36 MILANO & EDIZIONI SAN PAOLO SRL,  Piazza Soncino, 5 CINISELLO BALSAMO (MI) -- ITALY